ՀՀ Գիտությունների ազգային ակադեմիայի հիմնարար գիտական գրադարան  =   Fundamental Scientific Library of NAS RA
Normal view MARC view

Entry Personal Name

Number of records used in: 5

001 - CONTROL NUMBER

  • control field: 9320

003 - CONTROL NUMBER IDENTIFIER

  • control field: AM-YEHGA

005 - DATE AND TIME OF LATEST TRANSACTION

  • control field: 20250618063810.0

008 - FIXED-LENGTH DATA ELEMENTS

  • fixed length control field: 050307 a|ac|n|aab||||||||||||a |n|||||||

040 ## - CATALOGING SOURCE

  • Original cataloging agency: AM-YEHGA

100 1# - HEADING--PERSONAL NAME

  • Personal name: Պետրոսյան, Գևորգ Պետրոսի,
  • Dates associated with a name: 1912-1961

400 1# - SEE FROM TRACING--PERSONAL NAME

  • Personal name: Պետրոսյան, Գ.
  • Fuller form of name: (Գևորգ),
  • Dates associated with a name: 1912-1961

400 1# - SEE FROM TRACING--PERSONAL NAME

  • Personal name: Պետրոսյան, Գևորգ,
  • Dates associated with a name: 1912-1961

400 1# - SEE FROM TRACING--PERSONAL NAME

  • Personal name: Петросян, Геворк Петросович,
  • Dates associated with a name: 1912-1961

400 1# - SEE FROM TRACING--PERSONAL NAME

  • Personal name: Petrosyan, Gevorg Petrosi,
  • Dates associated with a name: 1912-1961

670 ## - SOURCE DATA FOUND

  • Source citation: Խաչատրյան Հ. Գրական տեղեկատու,1986 :
  • Information found: էջ 451 (Գևորգ Պետրոսի Պետրոսյան (1912, Բաքու - 1961), արձակագիր, ՍՍՀՄ գրող. միութ. անդամ (1947-ից))

670 ## - SOURCE DATA FOUND

  • Source citation: Ծովափին, 1962 :
  • Information found: տիտղթ. (Գ. Պետրոսյան), վերջ. (Պետրոսյան Գևորգ Պետրոսի)

670 ## - SOURCE DATA FOUND

  • Source citation: Թիկունքում (Վեպ), 1952 :
  • Information found: տիտղթ. (Գևորգ Պետրոսյան)


ՀՀ ԳԱԱ հիմնարար գիտական գրադարան
ՀՀ,Երևան 0019
Մարշալ Բաղրամյան 24/6
հեռախոս:(374-10) 52-47-50
Հետադարձ կապ

All site content, except where otherwise noted, is licensed under a
Creative Commons License